Princip nezávislosti Evropské centrální banky
Nezávislosť Európskej centrálnej banky a centrálnych bánk členských štátov EÚ zahŕňa štyri podmienky: inštitucionálnu nezávislosť, osobnú nezávislosť, funkčnú nezávislosť, finančnú nezávislosť. Postavenie centrálnych bánk v jednotlivých krajinách EÚ a v ČR.
Saved in:
| Main Author: | |
|---|---|
| Format: | Book Chapter |
| Language: | Czech |
| Subjects: | |
| Tags: |
No Tags, Be the first to tag this record!
|
MARC
| LEADER | 00000naa a2200000 4500 | ||
|---|---|---|---|
| 001 | r033407 | ||
| 005 | 20230908085401.3 | ||
| 041 | 0 | |a cze | |
| 044 | |a CZ | ||
| 245 | 1 | 0 | |a Princip nezávislosti Evropské centrální banky |c Hana Němcová |
| 520 | |a Nezávislosť Európskej centrálnej banky a centrálnych bánk členských štátov EÚ zahŕňa štyri podmienky: inštitucionálnu nezávislosť, osobnú nezávislosť, funkčnú nezávislosť, finančnú nezávislosť. Postavenie centrálnych bánk v jednotlivých krajinách EÚ a v ČR. | ||
| 610 | 2 | 0 | |a Európska únia |
| 610 | 2 | 0 | |a banky centrálne |
| 610 | 2 | 0 | |a nezávislosť |
| 610 | 2 | 0 | |a únie menové |
| 610 | 2 | 0 | |a Európska centrálna banka |
| 610 | 2 | 0 | |a Európsky systém centrálnych bánk |
| 610 | 2 | 0 | |a ČNB Praha |
| 610 | 2 | 0 | |a Česko |
| 100 | 1 | |a Němcová, Hana | |